| 000 | 00787nam a2200217Ii 4500 | ||
|---|---|---|---|
| 003 | JO-AjNU | ||
| 008 | 230605s9999||||xx |||||||||||||| ||und|| | ||
| 017 | _a2006/11/3192 | ||
| 040 |
_aJO-AjNU _bara _erda _cJO-AjNU |
||
| 041 | _aara | ||
| 050 | 1 | 4 | _aBP143.G6.R8722 2007 |
| 100 | 3 |
_aتاليف الكردي، عبد الحميد راجح, _eauthor _917224 |
|
| 245 | 0 | 0 | _aأسماء الله الحسنى في القرآن الكريم: آثارها الجدانية والسلوكية |
| 250 | _aط1 | ||
| 264 | 3 | 1 | _aعمان: دار المامؤن، 2007 |
| 300 | _a206ص | ||
| 336 |
_atext _btxt _2rdacontent |
||
| 337 |
_aunmediated _bn _2rdamedia |
||
| 338 |
_avolume _bnc _2rdacarrier |
||
| 650 | 4 |
_aالاسماء الحسنى - الله - القران - الاسلام _917225 |
|
| 999 |
_aA5275 _c8843 _d8843 |
||